Drony v logistike a distribúcii
Uložené v:
| Hlavný autor: | |
|---|---|
| Médium: | Kapitola |
| Jazyk: | Slovak |
| Predmet: | |
| Tagy: |
Žiadne tagy, Buďte prvý, kto otaguje tento záznam!
|
MARC
| LEADER | 00000nla a2200000 4500 | ||
|---|---|---|---|
| 001 | 0224924 | ||
| 005 | 20251204131149.9 | ||
| 041 | 0 | |a slo | |
| 044 | |a SK | ||
| 245 | 1 | 0 | |a Drony v logistike a distribúcii |c Michal Pružinský |
| 500 | |a Abstrakt | ||
| 610 | 2 | 0 | |a drony |
| 610 | 2 | 0 | |a logistika |
| 610 | 2 | 0 | |a distribúcia |
| 610 | 2 | 0 | |a reťazce distribučné |
| 100 | 1 | |a Pružinský, Michal, 1952- | |